[Event "Halifax Maritime op"]
[Site "Halifax"]
[Date "2012.10.07"]
[Round "4"]
[White "MacLean, John"]
[Black "Mah, Harry"]
[Result "1-0"]
[WhiteElo "1279"]
[BlackElo "1479"]
[PlyCount "73"]
[EventDate "2012.10.06"]
[EventType "swiss"]
[EventRounds "6"]
[EventCountry "CAN"]
[SourceTitle "EXT 2022"]
[Source "ChessBase"]
[SourceDate "2021.10.06"]
[SourceVersion "1"]
[SourceVersionDate "2021.10.06"]
[SourceQuality "1"]

1. e4 c5 2. Bc4 Nc6 3. d3 e6 4. a3 d5 5. Ba2 g6 6. Nf3 Bg7 7. 0-0 Bd7 8. exd5 exd5 9. Bxd5 Nge7 10. Ba2 h6 11. Bd2 Bxb2 12. Nc3 Bxa1 13. Qxa1 Nd4 14. Nxd4 cxd4 15. Ne2 Rh7 16. Nxd4 Qc7 17. Qc1 g5 18. Re1 f6 19. Bb4 Bc8 20. Be6 Kd8 21. Bxc8 Kxc8 22. Ne6 Qb6 23. Nf8 Nd5 24. Nxh7 Kd7 25. Nf8+ Kd8 26. Re6 Qc7 27. Rd6+ Kc8 28. Ne6 Qe7 29. Rd8+ Qxd8 30. Nxd8 Kxd8 31. c4 Nf4 32. Qe1 Ng6 33. Qe4 Ne5 34. Qd5+ Kc8 35. Qg8+ Kc7 36. Qxa8 Nc6 37. Qf8 1-0

[Event "Guelph Spring Pro Am"]
[Site "Guelph"]
[Date "2008.04.20"]
[Round "5"]
[White "McArthur, Ricky"]
[Black "MacLean, John"]
[Result "0-1"]
[WhiteElo "1140"]
[BlackElo "1281"]
[PlyCount "44"]
[EventDate "2008.04.19"]
[EventType "swiss"]
[EventRounds "5"]
[EventCountry "CAN"]
[SourceTitle "EXT 2011"]
[Source "ChessBase"]
[SourceDate "2010.11.26"]
[SourceVersion "1"]
[SourceVersionDate "2010.11.26"]
[SourceQuality "1"]

1. d4 Nf6 2. c4 g6 3. Nc3 Bg7 4. e4 d6 5. Nf3 0-0 6. Bd3 Bg4 7. Be3 e5 8. d5 c5 9. 0-0 a6 10. a4 Nbd7 11. Bg5 Qe8 12. Bxf6 Nxf6 13. h3 Bd7 14. Rb1 Nh5 15. b3 Nf4 16. Rb2 Qc8 17. Qc2 Bxh3 18. gxh3 Qxh3 19. Nh4 Qg4+ 20. Kh2 Qxh4+ 21. Kg1 Qg4+ 22. Kh2 Qg2# 0-1